000 00304 a2200121 4500
001 146899
040 _cEscola São Tomás de Aquino
100 _aMACHADO, Ana Maria
240 1 0 _aO pescador e a Mãe-D'água
_lpor
245 1 0 _aO pescador e a Mãe-D'água
697 _a*LITERATURA INFANTO
942 _cBK
999 _c146899
_d146899